| 000 | 00868 a2200289 4500 | ||
|---|---|---|---|
| 999 |
_c17966 _d10107 |
||
| 001 | 17966 | ||
| 003 | TR-AnTOB | ||
| 005 | 20231026084009.0 | ||
| 008 | 041102s1998 tu tur | ||
| 020 | _a9753130139 | ||
| 035 | _a17966 | ||
| 040 |
_aTR-AnTOB _cTR-AnTOB |
||
| 041 | _atur | ||
| 050 |
_aDR479.J3 _bA73 1998 |
||
| 090 | _aDR479.J3 A73 1998 | ||
| 100 | 1 |
_aApatay, Çetinkaya, _d1935- _99856 |
|
| 245 | 0 |
_aErtuğrul fırkateyni'nin öyküsü: XIX. yy'dan bugüne Türk-Japon ilişkileri / _cÇetinkaya Apatay. |
|
| 264 | 1 |
_aİstanbul : _bDoğan Kitapçılık, _c1998 |
|
| 300 |
_a318 p. : _bcol. ill. ; _c24 cm. |
||
| 504 | _aIncludes bibliographies. | ||
| 610 | 2 |
_aErtuğrul Firkateyni _xTarih _99855 |
|
| 651 | 7 |
_aTürkiye _xDış ilişkiler _zJaponya _2etuturkob _918538 |
|
| 651 |
_aJaponya _xİlişkiler _99854 |
||
| 902 | _a0004496 | ||
| 942 |
_cBK _2lcc |
||